Starożytne miasto do państwa - Statystyki

Ogólne statystyki
  • Ten quiz został rozwiązany 2 175 razy
  • Średni wynik to 12 z 20
Statystyki odpowiedzi
Miasta Współczesne państwo % Poprawnych
Sparta | Mykeny Grecja
94%
Machu Picchu | Cuzco Peru
92%
Pompeje | Rawenna Włochy
89%
Xanadu | Chang'an Chiny
88%
Troja | Antiochia Turcja
88%
Tenochtitlan | Texcoco Meksyk
87%
Babilon | Niniwa Irak
86%
Edo | Asuka Japonia
70%
Kartagina | Utyka Tunezja
70%
Memphis | Crocodilopolis Egipt
58%
Petra | Dżarasz Jordania
57%
Persepolis | Niszapur Iran
54%
Angkor | Mahendraparvata Kambodża
47%
Tyr | Sydon Liban
36%
Tikal | Uaxactun Gwatemala
33%
Ayutthaya | Sukhothai Tajlandia
33%
Akka | Tyberiada Izrael
32%
Timbuktu | Gao Mali
31%
Karakorum | Mongolia
25%
Aquae Sulis | Eboracum Wielka Brytania
16%
Nie znaleziono quizów pasujących do podanych kryteriów
Rozkład punktacji
Procent ludzi z każdym wynikiem
Percentyl według liczby udzielonych odpowiedzi
Twoja historia wyników
Nie rozwiązałeś tego quizu